Kozier & Erb's fundamentals of nursing : (Record no. 84472)
[ view plain ]
| 000 -LEADER | |
|---|---|
| fixed length control field | 01164nam a22003257a 4500 |
| 003 - CONTROL NUMBER IDENTIFIER | |
| control field | URS |
| 005 - DATE AND TIME OF LATEST TRANSACTION | |
| control field | 20250820114101.0 |
| 008 - FIXED-LENGTH DATA ELEMENTS--GENERAL INFORMATION | |
| fixed length control field | 250820b |||||||| |||| 00| 0 eng d |
| 020 ## - INTERNATIONAL STANDARD BOOK NUMBER | |
| International Standard Book Number | 978-981-31-37-8 |
| 040 ## - CATALOGING SOURCE | |
| Transcribing agency | URS |
| Language of cataloging | English |
| Description conventions | rda |
| 050 00 - LIBRARY OF CONGRESS CALL NUMBER | |
| Classification number | RT41 |
| Item number | .B516 2022 |
| 100 ## - MAIN ENTRY--PERSONAL NAME | |
| Personal name | Berman, Audrey., |
| Relator term | author. |
| 9 (RLIN) | 1102 |
| 245 00 - TITLE STATEMENT | |
| Title | Kozier & Erb's fundamentals of nursing : |
| Remainder of title | concepts, process, and practice / |
| Statement of responsibility, etc | Audrey Berman, Shirlee J. Snyder and Geralyn Frandsen. |
| 246 30 - VARYING FORM OF TITLE | |
| Title proper/short title | Fundamentals of nursing |
| 250 ## - EDITION STATEMENT | |
| Edition statement | Elevent edition. |
| 264 ## - PUBLICATION, DISTRIBUTION, ETC. (IMPRINT) | |
| Place of publication, distribution, etc | Singapore : |
| Name of publisher, distributor, etc | Pearson Prentice Hall, |
| Date of publication, distribution, etc | ©2022. |
| 300 ## - PHYSICAL DESCRIPTION | |
| Extent | xxv, 755 pages : |
| Other physical details | illustrations ; |
| Dimensions | 27 cm. |
| 336 ## - CONTENT TYPE | |
| Source | rdacontent |
| Content type term | text |
| Content type code | txt |
| 337 ## - MEDIA TYPE | |
| Source | rdamedia |
| Media type term | unmediated |
| Media type code | n |
| 338 ## - CARRIER TYPE | |
| Source | rdacarrier |
| Carrier type term | volume |
| Carrier type code | nc |
| 650 #0 - SUBJECT ADDED ENTRY--TOPICAL TERM | |
| Topical term or geographic name as entry element | Nursing. |
| 9 (RLIN) | 1023 |
| 650 #0 - SUBJECT ADDED ENTRY--TOPICAL TERM | |
| Topical term or geographic name as entry element | Nursing process. |
| 9 (RLIN) | 1100 |
| 650 #0 - SUBJECT ADDED ENTRY--TOPICAL TERM | |
| Topical term or geographic name as entry element | Nursing care. |
| 9 (RLIN) | 1093 |
| 650 #0 - SUBJECT ADDED ENTRY--TOPICAL TERM | |
| Topical term or geographic name as entry element | Nursing theory. |
| 9 (RLIN) | 1101 |
| 700 ## - ADDED ENTRY--PERSONAL NAME | |
| Personal name | Snyder, Shirlee J., |
| Relator term | author. |
| 9 (RLIN) | 1103 |
| 700 ## - ADDED ENTRY--PERSONAL NAME | |
| Personal name | Frandsen, Geralyn., |
| Relator term | author. |
| 9 (RLIN) | 1104 |
| 730 0# - ADDED ENTRY--UNIFORM TITLE | |
| Uniform title | Fundamentals of nursing. |
| 856 41 - ELECTRONIC LOCATION AND ACCESS | |
| Materials specified | Table of contents only |
| Uniform Resource Identifier | <a href="http://www.loc.gov/catdir/toc/ecip0620/2006029312.html">http://www.loc.gov/catdir/toc/ecip0620/2006029312.html</a> |
| 942 ## - ADDED ENTRY ELEMENTS (KOHA) | |
| Source of classification or shelving scheme | Library of Congress Classification |
| Koha item type | Foreign Books |
| Withdrawn status | Lost status | Source of classification or shelving scheme | Damaged status | Not for loan | Collection code | Home library | Current library | Shelving location | Date acquired | Source of acquisition | Total Checkouts | Full call number | Barcode | Date last seen | Copy number | Koha item type |
|---|---|---|---|---|---|---|---|---|---|---|---|---|---|---|---|---|
| Library of Congress Classification | Non-fiction | Taytay College Library | Taytay College Library | Nursing Collection | 08/12/2025 | Purchased | RT41 .B516 2022 vol.1 | URSTAY-5780 | 09/16/2025 | 1 | Reserved Books | |||||
| Library of Congress Classification | Non-fiction | Taytay College Library | Taytay College Library | Nursing Collection | 08/12/2025 | Purchased | RT41 .B516 2022 vol.2 | URSTAY-5781 | 09/15/2025 | 1 | Reserved Books |